Les secrets du phare d'Alexandrie : /

محفوظ في:

المؤلف الرئيسي: Georgiades, Patrice

التنسيق: كتاب

اللغة: Undetermined

منشور في: Alexandrie : Centre culturel hellenique, 1978.

الوسوم: إضافة وسم

لا توجد وسوم, كن أول من يضع وسما على هذه التسجيلة!

رقم الطلب: NA215 .G27

LEADER 00512nam a2200133Ia 4500
008 220401s9999||||xx |||||||||||||| ||und||
050 4 |a NA215 .G27 
100 1 |a Georgiades, Patrice 
245 1 0 |a Les secrets du phare d'Alexandrie :  |b  /  |c Patrice Georgiades. 
264 1 |a Alexandrie :  |b Centre culturel hellenique,  |c 1978. 
300 |a 157p. :  |b ill. ;  |c 24cm. 
942 |2 lcc  |c BK 
952 |0 0  |1 0  |2 lcc  |4 0  |6 NA0215 G27  |7 1  |9 39246  |a ARCE  |b ARCE  |d 2022-04-01  |l 0  |o NA215 .G27  |p 1017023  |r 2022-04-01 00:00:00  |w 2022-04-01  |y BK 
999 |c 46827  |d 46827